00350pab a2200133 454500008004000000100002000040245004200060260000900102300001000111362001000121650004200131650002800173773001500201180718b2012 xxu||||| |||| 00| 0 eng d aSen, Arup Kumar aThe Singur verdict and village voices c2012 ap.25. a7 Jul aWest Bengal - Politics and government aPolitics and government aMainstream